| 000 | 00640nam a22002057a 4500 | ||
|---|---|---|---|
| 005 | 20150608144740.0 | ||
| 010 | _aENG-112771 | ||
| 020 |
_c260.00 _a9789350351659 |
||
| 035 | _aEN-96303 | ||
| 037 | _bDBAD/PUB | ||
| 082 | _a347.54052 | ||
| 100 | _aGupta, Shriniwas | ||
| 245 |
_aThe limitation act / _cby Shriniwas Gupta |
||
| 250 | _a2nd thoroughly rev. & updated ed | ||
| 260 |
_aDelhi _bUniversal Law Publishing _c2012 |
||
| 270 |
_aC-FF-1A, Dilkhush Industrial Estate, G.T. Karnal Road, _bDelhi _e110033 |
||
| 300 |
_axxxvi,286p. _c24cm(pbk) |
||
| 500 | _aIncludes index | ||
| 942 |
_2ddc _cEN _mGUP _h347.54052 |
||
| 999 |
_c93187 _d93187 |
||